Visszhang. - II. évf. (1938) 10. sz.
Elmentve itt :
| Dokumentumtípus: | Újság |
|---|---|
| Megjelent: |
1938
|
| Sorozat: | Visszhang : Vermes Ernő hetilapja : társadalmi, közgazdasági és kritikai riportlap
2 No. 2 |
| Online Access: | http://misc.bibl.u-szeged.hu/16958 |
| LEADER | 00514nas a2200133 i 4500 | ||
|---|---|---|---|
| 001 | misc16958 | ||
| 005 | 20200430114057.0 | ||
| 008 | 170616s1938 hu n o 0|| zxx d | ||
| 040 | |a SZTE Miscellanea Repozitórium |b hun | ||
| 041 | |a zxx | ||
| 245 | 0 | 0 | |a Visszhang. - II. évf. (1938) 10. sz. |h [elektronikus dokumentum] |
| 260 | |c 1938 | ||
| 490 | 0 | |a Visszhang : Vermes Ernő hetilapja : társadalmi, közgazdasági és kritikai riportlap |v 2 No. 2 | |
| 856 | 4 | 0 | |u http://misc.bibl.u-szeged.hu/16958/1/visszhang_002_010.pdf |z Dokumentum-elérés |